| 000 | 00613cam a2200229 4500 | ||
|---|---|---|---|
| 008 | 000000n2000 000 0 eng u | ||
| 020 | _a0406983046 | ||
| 035 | _a(Sirsi) u105616 | ||
| 050 | _a346.41043 | ||
| 100 | _aBurn, E.H. | ||
| 245 | _aCheshire and Burn : modern law of real property | ||
| 250 | _a16th ed. | ||
| 260 |
_bButterworth Tolley _c2000 |
||
| 300 | _acli, 1107p. ; 24cm. | ||
| 350 | _a29.95 | ||
| 520 | _aSuperseded by seventeenth edition (ISBN 0199285330) | ||
| 650 | _aPROPERTY LAW | ||
| 650 | _aPLANNING LAW | ||
| 650 | _aESTATE MANAGEMENT | ||
| 690 | _aPROPERTY | ||
| 942 | _n0 | ||
| 999 |
_c100448 _d100448 |
||